000 00664nam a2200277Ia 4500
005 20260324113646.0
008 008 260324s9999 xx 000 0 eng d
020 _a9781003360247
037 _aEBOOK
040 _aCRL
040 _beng
040 _cCRL
041 _2eng
041 _aeng
084 _qCRL
100 _aTorben Hansen; Henrik Hass
_91147660
245 0 _aUnconscious Intelligence in Cybernetic Psychology
260 _bTaylor and Francis
260 _c2023
365 _a
365 _b205
856 _uhttp://www.taylorfrancis.com/books/9781003360247
942 _cEBOOK
999 _c1737427
_d1737427